000 00521nam a2200193Ia 4500
003 OSt
005 20250507101926.0
008 210210b1981 xxu||||| |||| 00| 0 eng d
040 _cAL
041 _aKannada
082 _aK894.3 MANN
100 _aMANGALASATYAN (S).
_dಮಂಗಳಾ ಸತ್ಯನ್ (ಎಸ್)
_9209544
245 _aNavavasanta.
_bನವವಸಂತ
260 _aBengaluru
_bHemanta Sahitya
_c1981
300 _a123
690 _aKannada Fiction
_9209545
906 _a035551
942 _2ddc
_cBK
999 _c86305
_d86305